Statistics for Countries with Most Unusual Names

Click here to take the quiz!

General Stats

  • This quiz has been taken 43 times
  • The average score is 12 of 18

Answer Stats

Nearest Match(es)DistanceCountry% Correct
#14Mauritania, Pakistan, Switzerland12Saint Kitts and Nevis
79%
#17#1416Saint Vincent and the Grenadines
74%
#18#717Federated States of Micronesia
72%
#5Guinea8Papua New Guinea
72%
#13San Marino11Sao Tome and Principe
72%
#15Indonesia, Rwanda, Tanzania12Trinidad and Tobago
72%
#7United States8United Arab Emirates
72%
#4Afghanistan, Swaziland, Thailand8Marshall Islands
69%
#16Argentina, Bolivia, Costa Rica14Bosnia and Herzegovina
64%
#10#1110Democratic Republic of the Congo
64%
#11#1010Republic of the Congo
64%
#6Colombia, Slovenia, Turkmenistan8Solomon Islands
64%
#9#210Central African Republic
62%
#2#18Dominican Republic
62%
#12Nicaragua11Antigua and Barbuda
59%
#8Australia, #59Equatorial Guinea
59%
#3Lithuania, #18Liechtenstein
59%
#1#2, #38Czech Republic
46%

Score Distribution

Percentile by Number Answered

Percent of People with Each Score

Your Score History

You have not taken this quiz